000050104 001__ 50104
000050104 005__ 20230317124031.0
000050104 0247_ $$2doi$$a10.1038/nphys2439
000050104 0247_ $$2ISSN$$a1745-2473
000050104 0247_ $$2ISSN$$a1745-2481
000050104 0247_ $$2altmetric$$aaltmetric:986624
000050104 0247_ $$2WOS$$aWOS:000310836700018
000050104 037__ $$aGSI-2013-01731
000050104 041__ $$aEnglish
000050104 082__ $$a530
000050104 1001_ $$0P:(DE-HGF)0$$aDromey, B.$$b0$$eCorresponding author
000050104 245__ $$aCoherent synchrotron emission from electron nanobunches formed in relativistic laser–plasma interactions
000050104 260__ $$aBasingstoke$$bNature Publishing Group$$c2012
000050104 3367_ $$0PUB:(DE-HGF)16$$2PUB:(DE-HGF)$$aJournal Article$$bjournal$$mjournal$$s1365596677_22599
000050104 3367_ $$2DRIVER$$aarticle
000050104 3367_ $$2BibTeX$$aARTICLE
000050104 3367_ $$00$$2EndNote$$aJournal Article
000050104 536__ $$0G:(DE-HGF)POF2-544$$a544 - In-house Research with PNI (POF2-544)$$cPOF2-544$$fPOF II$$x0
000050104 588__ $$aDataset connected to CrossRef, repository.gsi.de
000050104 7001_ $$0P:(DE-HGF)0$$aRykovanov, S.$$b1
000050104 7001_ $$0P:(DE-HGF)0$$aYeung, M.$$b2
000050104 7001_ $$0P:(DE-HGF)0$$aHörlein, R.$$b3
000050104 7001_ $$0P:(DE-HGF)0$$aJung, D.$$b4
000050104 7001_ $$0P:(DE-HGF)0$$aGautier, D. C.$$b5
000050104 7001_ $$0P:(DE-HGF)0$$aDzelzainis, T.$$b6
000050104 7001_ $$0P:(DE-HGF)0$$aKiefer, D.$$b7
000050104 7001_ $$0P:(DE-HGF)0$$aPalaniyppan, S.$$b8
000050104 7001_ $$0P:(DE-HGF)0$$aShah, R.$$b9
000050104 7001_ $$0P:(DE-HGF)0$$aSchreiber, J.$$b10
000050104 7001_ $$0P:(DE-HGF)0$$aRuhl, H.$$b11
000050104 7001_ $$0P:(DE-HGF)0$$aFernandez, J. C.$$b12
000050104 7001_ $$0P:(DE-HGF)0$$aLewis, C. L. S.$$b13
000050104 7001_ $$0P:(DE-HGF)0$$aZepf, M.$$b14
000050104 7001_ $$0P:(DE-HGF)0$$aHegelich, B. M.$$b15
000050104 773__ $$0PERI:(DE-600)2206346-8$$a10.1038/nphys2439$$gVol. 8, no. 11, p. 804 - 808$$n11$$p804 - 808$$tNature physics$$v8$$x1745-2481
000050104 909CO $$ooai:repository.gsi.de:50104$$pVDB
000050104 9101_ $$0I:(DE-Ds200)Ext-HIJ$$6P:(DE-HGF)0$$aExternal Helmholtz Institute: HIJ$$b14$$kHIJ
000050104 9131_ $$0G:(DE-HGF)POF2-544$$1G:(DE-HGF)POF2-540$$2G:(DE-HGF)POF2-500$$3G:(DE-HGF)POF2$$4G:(DE-HGF)POF$$aDE-HGF$$bStruktur der Materie$$lForschung mit Photonen, Neutronen, Ionen$$vIn-house Research with PNI$$x0
000050104 9141_ $$y2012
000050104 915__ $$0StatID:(DE-HGF)0010$$2StatID$$aJCR/ISI refereed
000050104 915__ $$0StatID:(DE-HGF)0100$$2StatID$$aJCR
000050104 915__ $$0StatID:(DE-HGF)0110$$2StatID$$aWoS$$bScience Citation Index
000050104 915__ $$0StatID:(DE-HGF)0111$$2StatID$$aWoS$$bScience Citation Index Expanded
000050104 915__ $$0StatID:(DE-HGF)0150$$2StatID$$aDBCoverage$$bWeb of Science Core Collection
000050104 915__ $$0StatID:(DE-HGF)0199$$2StatID$$aDBCoverage$$bThomson Reuters Master Journal List
000050104 915__ $$0StatID:(DE-HGF)0200$$2StatID$$aDBCoverage$$bSCOPUS
000050104 915__ $$0StatID:(DE-HGF)0300$$2StatID$$aDBCoverage$$bMedline
000050104 915__ $$0StatID:(DE-HGF)0420$$2StatID$$aNationallizenz
000050104 915__ $$0StatID:(DE-HGF)1020$$2StatID$$aDBCoverage$$bCurrent Contents - Social and Behavioral Sciences
000050104 920__ $$lyes
000050104 9201_ $$0I:(DE-Ds200)HIJ-20110223OR115$$kHIJ$$lHI Jena$$x0
000050104 980__ $$ajournal
000050104 980__ $$aVDB
000050104 980__ $$aUNRESTRICTED
000050104 980__ $$aI:(DE-Ds200)20120319OR115
000050104 980__ $$aI:(DE-Ds200)HIJ-20110223OR115